00689nam a2200229 a 4500001001000000003000900010005001700019007000300036008004100039040002500080082002200105100001800127245007500145260005300220300002000273490001000293500006300303650002200366650002400388700003700412830001000449000009756DO-SdBNP20230209072757.0ta091001s1986 dr 000 p spa d aDO-SdBNPcBNPHUbspa 4a841.91bB641m2221 aBlanco, Delia10aMi trópico escondido /cDelia Blanco ; edición César R. Ojeda C. aSanto Domingo :bEditorial Santo Domingo,c1986. a88 p. ;c21 cm.1 aOrfeo aIncluye datos biográficos del autor en la contracubierta 4aPoesía francesa 4aLiteratura francesa1 aOjeda C., César R.,eedición 0aOrfeo